Obálka Náhled e-knihy:
PDF Epub
Pro půjčování e-knih musíte být přihlášeni.
Jak si půjčit online?

Boston Belles. (3), Netvor /

Chtíč ničí, ale láska? Láska zabíjí. Volné pokračování milostných románů s erotickým pozadím.

Uloženo v:
Série:Boston Belles, část 3
Hlavní autor: Shen, L. J. (Autor)
Další autoři: Povolná, Darina (Autor)
Médium: E-kniha
Jazyk:Czech
Vydáno: V Praze : Baronet, 2025
Vydání:1. vydání
Témata:
Příbuzné jednotky:Z cyklu:: Boston Belles
Tagy:
Žádné tagy
LEADER 02577nam a2200505 i 4500
001 312610
003 CZ PrSKC
005 20260601215725.0
007 ta
008 250122s2025 xr e 000 f cze
015 |a cnb003668196 
020 |a 9788026925231  |q (vázáno) 
035 |a (OCoLC)1505966190 
040 |a ABG001  |b cze  |e rda 
041 1 |a cze  |h eng 
072 7 |a 821.111(73)-3  |x Americká próza  |2 Konspekt 
080 |a 821.111(73)-31  |2 MRF 
080 |a (0:82-312.5)  |2 MRF 
080 |a (0:82-993)  |2 MRF 
100 1 |a Shen, L. J.  |7 kv20191032768  |4 aut 
240 1 0 |a Monster.  |l Česky 
245 1 0 |a Boston Belles.  |n (3),  |p Netvor /  |c L.J. Shen ; z anglického originálu The monster ... přeložila Darina Povolná 
246 3 0 |a Netvor 
250 |a 1. vydání 
264 1 |a V Praze :  |b Baronet,  |c 2025 
300 |a 421 stran ;  |c 21 cm 
336 |a text  |b txt  |2 rdacontent 
337 |a bez média  |b n  |2 rdamedia 
338 |a svazek  |b nc  |2 rdacarrier 
520 2 |a Chtíč ničí, ale láska? Láska zabíjí. Volné pokračování milostných románů s erotickým pozadím.  |b Možná bylo mým osudem zamilovat se do netvora. Když ostatní děti v noci nespaly a bály se, že se jim ve skříni schovává zubatá příšera, já jsem toužila ji spatřit. Chtěla jsem ji nakrmit, ochočit si ji, pochopit ji. Sam a já jsme se směli milovat jen ve tmě. Jakmile se náš příběh rozvinul a pravda vyšla najevo, byla jsem to já, kdo zpřetrhal všechny naše vazby. Jmenuji se Aisling Fitzpatricková a musím se k něčemu přiznat. Sam Brennan není jediným monstrem v tomto příběhu. Nakladatelská anotace. 
546 |a Český text 
655 7 |a americké romány  |7 fd131796  |2 czenas 
655 7 |a milostné romány  |7 fd132840  |2 czenas 
655 7 |a erotické romány  |7 fd132211  |2 czenas 
655 9 |a American fiction  |2 eczenas 
655 9 |a love novels  |2 eczenas 
655 9 |a erotic novels  |2 eczenas 
700 1 |a Povolná, Darina  |7 ola20181014484  |4 trl 
787 0 8 |i Z cyklu:  |t Boston Belles  |g 3 
900 |a ABA001  |b 21 
928 9 |a Albatros Media - Baronet 
044 |a xr 
910 |a RBIT002 
998 |d 416954  |a https://core.palmknihy.cz/api/books/416954/cover?sq5q8f  |b https://core.palmknihy.cz/api/books/416954/cover/400?sq5q8f  |c https://core.palmknihy.cz/api/books/416954/cover/50?sq5q8f  |e 2029-04-06  |g 424  |i 9788026925231  |j https://core.palmknihy.cz/api/books/416954/preview.epub  |k https://core.palmknihy.cz/api/books/416954/preview.pdf  |l   |q 49  |r 1  |s https://www.palmknihy.cz/kniha/416954  |t ebook  |y 2025  |z 0  |v Boston Belles  |w 3 
999 |d 312608